MARC

LEADER 00000nrm a2200000 a 4500
001 23398
008 160829s9999 xx 000 0 cat d
080 |a NBM-4-19 
245 |a El club del llibre [Objecte] :  |b  Javier Pérez Andújar 
260 |a Barcelona :  |b Diputació de Barcelona ; Hospitalet de Llobregat :  |b Ajuntament de l'Hospitalet de Llobregat, [2012] 
300 |a 1 punt de llibre ;  |c 6 x 23 cm 
590 |a A la part inferior del títol: 3 de febrer, a les 21 h, Biblioteca Tecla Sala de l'Hospitalet de Llobregat.  
590 |a Amb la col·laboració de Tusquets Editores 
610 2 0 |9 54953  |a Biblioteca Central Tecla Sala 
655 0 |a Punts de llibre   |9 52700 
710 1 |a Hospitalet de Llobregat (Catalunya).  |b Ajuntament  |9 52871 
710 1 |a Barcelona (Catalunya : Província).  |b Diputació  |9 52408 
901 |a Arxiu 
942 |n 1  |2 udc 
952 |0 0  |1 0  |4 0  |6 NBM419  |7 1  |9 54847  |a Arxiu  |b Arxiu  |d 2012-03-05  |l 0  |o NBM-4-19  |p 23398  |r 2016-12-01 00:00:00  |w 2016-12-01  |y ARXIU 
999 |c 58717  |d 58717